000 01105nam a22003257a 4500
003 CHAP
005 20220329140935.0
008 971013s1996 r 00010 d
010 _a60115
011 _a61087
035 _a65251
040 _cCHAP
090 _aTesis
100 0 0 _aSalinas Cruz, Rubén.
_9101650
245 _aPropagación vegetativa de estacas de damiana (Turnera diffusa Willd) y su evaluación en campo
260 _aChapingo, Méx. :
_bEl autor,
_c1996
300 _a68 h.
_b; anexo
502 _aTesis (Ing. Agr. Esp. en Fitotecnia) -- UACH. Departamento de Fitotecnia
590 _aALEPH
_b10
_c20130110
_lUCH01
_h1339
590 _aBATCH-UPD
_b10
_c20130110
_lUCH01
_h0826
590 _aBATCH-UPD
_b10
_c20130410
_lUCH01
_h0503
590 _aBATCH-UPD
_b10
_c20130914
_lUCH01
_h1943
590 _aCONVERSION
_b10
_c20130109
_lUCH01
_h1332
650 1 4 _aPropagación de plantas.
_992417
650 1 4 _aTurnera diffusa.
_9115674
901 _aBK
942 _cFOLL
949 _bBC
_cTES
_d-145213
_eTS1
_h28994
_i65251
_si
949 _bBC
_cTES
_d33724000166302
_eTS2
_fc.2
_h28995
_i65251
_si
999 _c60115
_d60115